Statistiken für Alle deutschen Städte mit W

Klicken Sie hier um das Quiz zu spielen!

Allgemein

  • Dieses Quiz wurde 805 mal gespielt
  • Das Durchschnittsergebnis liegt bei 39 aus 161

Antwortstatistiken

EinwohnerStadtBL% Korrekt
355.004WuppertalNW
93%
278.609WiesbadenHE
92%
123.840WolfsburgNI
89%
126.954WürzburgBY
87%
65.098WeimarTH
78%
95.876WittenNW
76%
83.459WormsRP
76%
75.189WilhelmshavenNI
71%
42.824WismarMV
71%
52.121WolfenbüttelNI
65%
45.425WittenbergST
64%
53.188WetzlarHE
63%
60.329WeselNW
62%
55.526WaiblingenBW
60%
21.147Waren (Müritz)MV
60%
32.181WernigerodeST
60%
45.335WeinheimBW
57%
37.173WarendorfNW
54%
42.535Weiden in der OberpfalzBY
54%
29.588WerneNW
50%
16.862WittenbergeBB
50%
35.332Winsen (Luhe)NI
49%
39.958WeißenfelsST
47%
41.480WunstorfNI
47%
34.597WermelskirchenNW
46%
50.283WillichNW
46%
28.334WinnendenBW
46%
20.405WittmundNI
46%
38.496WürselenNW
46%
18.578Weißenburg in BayernBY
45%
33.935WedelSH
43%
30.702WerlNW
43%
12.442WinterbergNW
43%
9.155WunsiedelBY
43%
30.009Weil am RheinBW
42%
26.927Wangen im AllgäuBW
41%
30.220WalsrodeNI
40%
20.875WipperfürthNW
40%
22.928WarburgNW
38%
26.064WeiterstadtHE
38%
26.662Werder (Havel)BB
38%
27.269Wetter (Ruhr)NW
38%
26.916WeinstadtBW
37%
36.731WesselingNW
37%
26.605WieslochBW
37%
19.091WolfratshausenBY
37%
16.211WurzenSN
37%
24.520WarsteinNW
36%
24.067Waldshut-TiengenBW
35%
19.107Weil der StadtBW
35%
11.840WolgastMV
35%
11.376WolmirstedtST
35%
29.472WaltropNW
34%
22.727Weilheim in OberbayernBY
34%
19.222WittlichRP
34%
21.003WülfrathNW
33%
23.232WesterstedeNI
32%
8.253WissenRP
31%
25.199WiehlNW
30%
15.003WitzenhausenHE
30%
19.599WaldbrölNW
29%
12.955WeilburgHE
29%
28.130WegbergNW
28%
22.879WertheimBW
28%
6.743WaldeckHE
27%
25.158WeingartenBW
26%
3.470WesselburenSH
26%
15.545WalldorfBW
24%
12.662Wasserburg am InnBY
24%
17.660WerdohlNW
24%
12.719WächtersbachHE
23%
15.640Weißwasser/OberlausitzSN
23%
20.454WildeshausenNI
23%
14.007Wittstock/DosseBB
21%
3.634WeißenseeTH
19%
13.339WiesmoorNI
18%
11.091Werther (Westfalen)NW
17%
6.303WittenburgMV
17%
13.716Wanzleben-BördeST
16%
20.471WerdauSN
16%
18.217Wörth am RheinRP
16%
4.280Wyk auf FöhrSH
16%
21.801WaldkirchBW
14%
15.822WeenerNI
14%
18.830WassenbergNW
13%
8.841Wetter (Hessen)HE
13%
11.357WittingenNI
13%
23.604WaldkraiburgBY
12%
9.821Wettin-LöbejünST
12%
2.790Wustrow (Wendland)NI
12%
11.601WalldürnBW
11%
5.450WasungenTH
11%
10.351Weilheim an der TeckBW
11%
10.308WerlteNI
11%
14.444WilsdruffSN
11%
4.308WoldegkMV
11%
13.074WolfhagenHE
11%
4.585Wachenheim an der WeinstraßeRP
10%
9.839WahlstedtSH
10%
4.190WanfriedHE
10%
4.301WilsterSH
10%
8.845WaldheimSN
9%
10.732WaldkirchenBY
9%
12.712WaltershausenTH
9%
3.239WarinMV
9%
8.318WeidaTH
9%
1.017Werben (Elbe)ST
9%
3.057WesenbergMV
9%
4.772Wörth am MainBY
9%
4.896Wörth an der DonauBY
9%
3.067WeißenbergSN
8%
15.667WadernRP
7%
6.626WaldsassenBY
7%
13.140WehrBW
7%
7.439WeikersheimBW
7%
12.446WeinsbergBW
7%
12.275WernauBW
7%
3.036WurzbachTH
7%
16.173Wendlingen am NeckarBW
6%
5.739WesterburgRP
6%
10.633WildauBB
6%
21.079WaghäuselBW
5%
2.474WegelebenST
5%
3.095WeißenstadtBY
5%
10.183WildbergBW
5%
5.474WirgesRP
5%
5.760WolfachBW
5%
8.748WaldenbuchBW
4%
8.154WillebadessenNW
4%
3.119Wolframs-EschenbachBY
4%
8.012WörrstadtRP
4%
4.059Waldenburg (Sachsen)SN
3%
6.615WaldmünchenBY
3%
11.160WelzheimBW
3%
9.356WertingenBY
3%
3.565WildenfelsSN
3%
9.531Wilkau-HaßlauSN
3%
4.923WindischeschenbachBY
3%
1.888WolfsteinRP
3%
3.886WolkensteinSN
3%
3.025Waldenburg (Württemberg)BW
2%
4.228WaldkappelHE
2%
5.111WaldmohrRP
2%
4.727WeismainBY
2%
9.191WeißenthurmRP
2%
3.317WelzowBB
2%
5.817WemdingBY
2%
9.226WerneuchenBB
2%
6.347Werra-Suhl-TalTH
2%
1.854WiddernBW
2%
4.786WilthenSN
2%
6.151WindsbachBY
2%
5.723WittichenauSN
2%
7.125WriezenBB
2%
3.055WaischenfeldBY
1%
4.256WaldershofBY
1%
2.589WallenfelsBY
1%
6.063WassertrüdingenBY
1%
13.699WeißenhornBY
1%
2.034WiesensteigBW
1%
5.644WaibstadtBW
0%

Verteilung der Resultate

Perzentil nach korrekt beantworteten Fragen

Anzahl Personen mit jedem Resultat

Ihre Resultats-Entwicklung

Sie haben dieses Quiz noch nicht gespielt